MLB PRO SPIRIT【メジャスピ】 球速160キロ以上の球種を持つ投手名 - Statistics

General Stats
  • This quiz has been taken 20 times
    3 since last reset
  • The average score is 6 of 173
Answer Stats
球団名 レアリティ 概要 投手名 % Correct
オリオールズ Japan Selection フォーシーム(165 ㎞/h) 藤浪晋太郎
100%
エンゼルス Global Spotlight フォーシーム(164 ㎞/h) 大谷翔平
100%
ドジャース Cover AthleteAward Winners 通常 フォーシーム(163 ㎞/h) 大谷翔平
100%
レッドソックス 通常 フォーシーム(169 ㎞/h)ツーシームファスト(164 ㎞/h) アロルディス・チャップマン
50%
ヤンキース Throwback フォーシーム(165 ㎞/h)ツーシームファスト(160 ㎞/h) アロルディス・チャップマン
50%
メッツ Japan SelectionJapan Legends フォーシーム(160 ㎞/h) 千賀滉大
50%
レッズ Throwback フォーシーム(166 ㎞/h)ツーシームファスト(161 ㎞/h) アロルディス・チャップマン
50%
パイレーツ 通常 フォーシーム(167 ㎞/h)ツーシームファスト(162 ㎞/h) アロルディス・チャップマン
50%
オリオールズ 通常 フォーシーム(162 ㎞/h) グレイソン・ロドリゲス
0%
オリオールズ 通常 フォーシーム(163 ㎞/h) グレゴリー・ソト
0%
オリオールズ Throwback フォーシーム(160 ㎞/h) ケビン・ゴーズマン
0%
オリオールズ Throwback フォーシーム(160 ㎞/h) シオネル・ペレス
0%
オリオールズ 通常Ones to Watch フォーシーム(161 ㎞/h) セランソニー・ドミンゲス
0%
オリオールズ 通常 フォーシーム(166 ㎞/h) フェリックス・バティスタ
0%
オリオールズ Postseason Heroes ツーシームファスト(160 ㎞/h) コービン・バーンズ
0%
レッドソックス 通常 フォーシーム(160 ㎞/h) ルイス・ガルシア
0%
レッドソックス Throwback フォーシーム(162 ㎞/h) ネイサン・イバルディ
0%
レッドソックス Throwback フォーシーム(163 ㎞/h) ダニエル・バード
0%
レッドソックス 通常All-Star All-MLB フォーシーム(161 ㎞/h) ギャレット・クローシェイ
0%
ヤンキース 通常Star Watch フォーシーム(160 ㎞/h) カルロス・ロドン
0%
ヤンキース 通常Award Winners フォーシーム(161 ㎞/h) ルイス・ヒール
0%
ヤンキース 通常Award Showcase フォーシーム(160 ㎞/h) ゲリット・コール
0%
ヤンキース Throwback フォーシーム(162 ㎞/h) ルイス・セベリーノ
0%
ヤンキース Throwback フォーシーム(160 ㎞/h) チャド・グリーン
0%
ヤンキース 通常 カットファスト(162 ㎞/h) カミロ・ドバル
0%
ヤンキース 通常 フォーシーム(161 ㎞/h) キャム・シュリットラー
0%
レイズ 通常 フォーシーム(161 ㎞/h) タージ・ブラッドリー
0%
レイズ 通常 フォーシーム(163 ㎞/h) ピート・フェアバンクス
0%
レイズ 通常 フォーシーム(160 ㎞/h) ドリュー・ラスムッセン
0%
レイズ Ones to Watch フォーシーム(160 ㎞/h) ハンター・ビギー
0%
レイズ Throwback フォーシーム(162 ㎞/h) シェーン・マクラナハン
0%
レイズ 通常 フォーシーム(162 ㎞/h) ジョー・ボイル
0%
レイズ 通常 フォーシーム(160 ㎞/h) マニュエル・ロドリゲス
0%
レイズ 通常 フォーシーム(164 ㎞/h) メイソン・モンゴメリー
0%
レイズ Legend フォーシーム(162 ㎞/h) ジェイク・マギー
0%
レイズ 通常 フォーシーム(161 ㎞/h) シェーン・バズ
0%
ブルージェイズ 通常 フォーシーム(161 ㎞/h) セランソニー・ドミンゲス
0%
ブルージェイズ 通常 フォーシーム(162 ㎞/h) ルイス・バーランド
0%
ホワイトソックス 通常Selection フォーシーム(160 ㎞/h) ギャレット・クローシェイ
0%
ホワイトソックス 通常 フォーシーム(164 ㎞/h) グラント・テイラー
0%
ガーディアンズ 通常 フォーシーム(160 ㎞/h) ハンター・ギャディス
0%
ガーディアンズ 通常All-MLB 1st カットファスト(165 ㎞/h)フォーシーム(165 ㎞/h) エマヌエル・クラセ
0%
ガーディアンズ 通常 フォーシーム(160 ㎞/h) ギャビン・ウィリアムズ
0%
ガーディアンズ 通常 フォーシーム(160 ㎞/h) ケイド・スミス
0%
タイガース All-Star通常 Anniversary Award Winners All-MLB フォーシーム(165 ㎞/h)ツーシームファスト(160 ㎞/h) タリック・スクーバル
0%
タイガース 通常 フォーシーム(163 ㎞/h) ジェイソン・フォリー
0%
タイガース 通常 フォーシーム(160 ㎞/h) ボー・ブリスキー
0%
タイガース Throwback フォーシーム(160 ㎞/h) マックス・シャーザー
0%
タイガース Throwback フォーシーム(164 ㎞/h) ジャスティン・バーランダー
0%
タイガース Throwback フォーシーム(162 ㎞/h) グレゴリー・ソト
0%
ロイヤルズ 通常 フォーシーム(162 ㎞/h) コール・ラガンズ
0%
ロイヤルズ 通常 フォーシーム(161 ㎞/h) ルーカス・エルセグ
0%
ロイヤルズ 通常 フォーシーム(162 ㎞/h) ハンター・ハービー
0%
ロイヤルズ 通常 フォーシーム(160 ㎞/h) カルロス・エステベス
0%
ロイヤルズ 通常 フォーシーム(163 ㎞/h) スティーブン・クルーズ
0%
ロイヤルズ Throwback フォーシーム(163 ㎞/h)高速シンカー(161 ㎞/h) ジョシュ・ストーモント
0%
ツインズ 通常 フォーシーム(162 ㎞/h) ホルヘ・アルカラ
0%
ツインズ 通常 フォーシーム(168 ㎞/h) ジョアン・デュラン
0%
ツインズ 通常 フォーシーム(162 ㎞/h) ルイス・バーランド
0%
アストロズ 通常 フォーシーム(162 ㎞/h) ブライアン・アブレイユ
0%
アストロズ 通常All-Star All-MLB フォーシーム(160 ㎞/h) ハンター・ブラウン
0%
アストロズ Ones to Watch フォーシーム(161 ㎞/h) ケイレブ・オート
0%
アストロズ 通常All-Star ツーシームファスト(160 ㎞/h) ジョシュ・ヘイダー
0%
アストロズ Throwback フォーシーム(162 ㎞/h) ゲリット・コール
0%
アストロズ Legend フォーシーム(161 ㎞/h) ビリー・ワグナー
0%
エンゼルス 通常 フォーシーム(163 ㎞/h) ホセ・ソリアーノ
0%
エンゼルス 通常Darvish Selection フォーシーム(169 ㎞/h)ツーシームファスト(164 ㎞/h) ベン・ジョイス
0%
エンゼルス 通常 フォーシーム(161 ㎞/h) ライアン・ゼファージャン
0%
エンゼルス Ones to Watch ツーシームファスト(160 ㎞/h) サム・バックマン
0%
エンゼルス 通常 フォーシーム(162 ㎞/h) ルイス・ガルシア
0%
エンゼルス Ones to Watch フォーシーム(160 ㎞/h) ジャック・コチャノウィッチ
0%
エンゼルス 通常 フォーシーム(160 ㎞/h) ブロック・バーク
0%
アスレチックス 通常 フォーシーム(167 ㎞/h) メイソン・ミラー
0%
アスレチックス 通常 フォーシーム(162 ㎞/h) ミシェル・オタネス
0%
アスレチックス 通常 フォーシーム(160 ㎞/h) ルイス・セベリーノ
0%
アスレチックス 通常 フォーシーム(160 ㎞/h) ルイス・モラレス
0%
アスレチックス 通常 フォーシーム(161 ㎞/h) エルビス・アルバラード
0%
マリナーズ 通常Selection フォーシーム(160 ㎞/h) ジョージ・カービー
0%
マリナーズ 通常 フォーシーム(160 ㎞/h) イーミ・ガルシア
0%
マリナーズ 通常All-MLB フォーシーム(163 ㎞/h) アンドレス・ムニョス
0%
マリナーズ ThrowbackGlobal Spotlight フォーシーム(164 ㎞/h) エドウィン・ディアス
0%
マリナーズ 通常 フォーシーム(161 ㎞/h) ローガン・ギルバート
0%
マリナーズ 通常 フォーシーム(161 ㎞/h) カルロス・バルガス
0%
レンジャーズ 通常Ones to Watch フォーシーム(160 ㎞/h) ジャック・ライター
0%
レンジャーズ Anniversary通常 フォーシーム(161 ㎞/h) ジェイコブ・デグロム
0%
ブレーブス 通常 フォーシーム(162 ㎞/h) レイナルド・ロペス
0%
ブレーブス Throwback フォーシーム(161 ㎞/h) タイラー・マツェック
0%
ブレーブス 通常 フォーシーム(161 ㎞/h) デイズベル・ヘルナンデス
0%
ブレーブス Throwback フォーシーム(161 ㎞/h) スペンサー・ストライダー
0%
ブレーブス 通常 フォーシーム(161 ㎞/h) スペンサー・シュウェレンバック
0%
マーリンズ Throwback通常 フォーシーム(162 ㎞/h) サンディ・アルカンタラ
0%
マーリンズ Throwback フォーシーム(160 ㎞/h) アンソニー・ベンダー
0%
マーリンズ 通常 フォーシーム(160 ㎞/h) エドワード・カブレラ
0%
マーリンズ 通常 フォーシーム(161 ㎞/h) エウリー・ペレス
0%
メッツ 通常 フォーシーム(161 ㎞/h) ルイス・セベリーノ
0%
メッツ 通常All-Star フォーシーム(162 ㎞/h) エドウィン・ディアス
0%
メッツ ThrowbackPostseason Heroes フォーシーム(160 ㎞/h) ジェイコブ・デグロム
0%
メッツ Ones to Watch通常 フォーシーム(160 ㎞/h) リード・ギャレット
0%
メッツ 通常 フォーシーム(160 ㎞/h) ワスカー・ブラゾバン
0%
メッツ 通常 フォーシーム(162 ㎞/h) ライン・スタネック
0%
メッツ 通常 カットファスト(165 ㎞/h) ライアン・ヘルズリー
0%
メッツ 通常 フォーシーム(160 ㎞/h) グレゴリー・ソト
0%
フィリーズ 通常 フォーシーム(160 ㎞/h) オリオン・カークリング
0%
フィリーズ 通常 ツーシームファスト(163 ㎞/h)カットボール(縦)(161 ㎞/h) ホセ・アルバラード
0%
フィリーズ 通常 フォーシーム(160 ㎞/h) カルロス・エステベス
0%
フィリーズ 通常 フォーシーム(160 ㎞/h) ジェフ・ホフマン
0%
フィリーズ Throwback フォーシーム(160 ㎞/h) ルイス・ガルシア
0%
フィリーズ Darvish Selection フォーシーム(161 ㎞/h) ザック・ウィーラー
0%
フィリーズ 通常 フォーシーム(162 ㎞/h) カルロス・ヘルナンデス
0%
フィリーズ 通常 フォーシーム(160 ㎞/h) ジョーダン・ロマノ
0%
フィリーズ All-MLB フォーシーム(166 ㎞/h) ジョアン・デュラン
0%
フィリーズ 通常 フォーシーム(163 ㎞/h) ホセ・アルバラード
0%
ナショナルズ 通常Selection フォーシーム(160 ㎞/h) カイル・フィネガン
0%
ナショナルズ Throwback フォーシーム(160 ㎞/h) ブレイク・トライネン
0%
ナショナルズ Throwback フォーシーム(162 ㎞/h) ハンター・ハービー
0%
ナショナルズ 通常 フォーシーム(161 ㎞/h) ケイド・カバーリ
0%
カブス 通常 フォーシーム(160 ㎞/h) ホルヘ・ロペス
0%
カブス Ones to Watch フォーシーム(164 ㎞/h) ネイト・ピアソン
0%
カブス 通常 フォーシーム(160 ㎞/h) ブラッド・ケラー
0%
カブス 通常 フォーシーム(163 ㎞/h) ダニエル・パレンシア
0%
レッズ 通常 フォーシーム(164 ㎞/h) ハンター・グリーン
0%
レッズ Ones to Watch通常 カットファスト(161 ㎞/h) グラハム・アッシュクラフト
0%
レッズ Throwback フォーシーム(160 ㎞/h) ルイス・カスティーヨ
0%
レッズ Throwback フォーシーム(160 ㎞/h) マイケル・ローレンゼン
0%
レッズ 通常 フォーシーム(160 ㎞/h) トニー・サンティラン
0%
レッズ 通常 フォーシーム(163 ㎞/h) チェイス・バーンズ
0%
レッズ 通常 フォーシーム(161 ㎞/h) コナー・フィリップス
0%
ブリュワーズ 通常 フォーシーム(164 ㎞/h) トレバー・メギル
0%
ブリュワーズ ThrowbackAward Showcase フォーシーム(160 ㎞/h) コービン・バーンズ
0%
ブリュワーズ Throwback ツーシームファスト(160 ㎞/h) ジョシュ・ヘイダー
0%
ブリュワーズ 通常 フォーシーム(162 ㎞/h) アブナー・ウリベ
0%
ブリュワーズ 通常Anniversary フォーシーム(164 ㎞/h) ジェイコブ・ミゾラウスキー
0%
ブリュワーズ Ones to Watch フォーシーム(160 ㎞/h) アーロン・アシュビー
0%
パイレーツ 通常Selection Award Winners All-MLB 1st フォーシーム(163 ㎞/h) ポール・スキーンズ
0%
パイレーツ 通常 フォーシーム(163 ㎞/h) ジャレッド・ジョーンズ
0%
パイレーツ 通常(24) ツーシームファスト(162 ㎞/h)カットボール(縦)(160 ㎞/h) コリン・ホルダーマン
0%
パイレーツ 通常(25S1) フォーシーム(160 ㎞/h) コリン・ホルダーマン
0%
パイレーツ 通常 フォーシーム(160 ㎞/h) デビッド・ベッドナー
0%
パイレーツ Throwback フォーシーム(162 ㎞/h) ゲリット・コール
0%
パイレーツ 通常 フォーシーム(162 ㎞/h) カイル・ニコラス
0%
カージナルス 通常(24)All-MLB 1st(24) フォーシーム(166 ㎞/h) ライアン・ヘルズリー
0%
カージナルス Ohtani Selection(25S1)通常(25S1) カットファスト(166 ㎞/h) ライアン・ヘルズリー
0%
カージナルス Ones to Watch ツーシームファスト(160 ㎞/h) ライリー・オブライエン
0%
Dバックス 通常 フォーシーム(165 ㎞/h)ツーシームファスト(160 ㎞/h) ジャスティン・マルティネス
0%
Dバックス 通常 ツーシームファスト(160 ㎞/h) コービン・バーンズ
0%
Dバックス 通常 フォーシーム(162 ㎞/h) フアン・モリーロ
0%
ロッキーズ Throwback フォーシーム(160 ㎞/h) ヘルマン・マルケス
0%
ロッキーズ Throwback フォーシーム(160 ㎞/h) ジョン・グレイ
0%
ロッキーズ 通常 フォーシーム(162 ㎞/h) チェイス・ドーランダー
0%
ロッキーズ 通常 フォーシーム(166 ㎞/h) セス・ハルバーソン
0%
ロッキーズ 通常 フォーシーム(163 ㎞/h) ビクター・ボドニク
0%
ロッキーズ Legend フォーシーム(163 ㎞/h)高速シンカー(161 ㎞/h) ウバルド・ヒメネス
0%
ドジャース 通常 フォーシーム(164 ㎞/h) マイケル・コペック
0%
ドジャース 通常 フォーシーム(160 ㎞/h) タナー・スコット
0%
ドジャース Ones to Watch フォーシーム(161 ㎞/h) ダスティン・メイ
0%
ドジャース 通常 フォーシーム(162 ㎞/h) 佐々木朗希
0%
ドジャース 通常 フォーシーム(160 ㎞/h) ジャスティン・ウロブレスキ
0%
パドレス 通常Selection All-MLB 2nd フォーシーム(161 ㎞/h) ディラン・シーズ
0%
パドレス 通常 フォーシーム(161 ㎞/h) ジェレマイア・エストラーダ
0%
パドレス 通常 フォーシーム(160 ㎞/h) エイドリアン・モレホン
0%
パドレス 通常Star Watch フォーシーム(163 ㎞/h) ロベルト・スアレス
0%
パドレス 通常 フォーシーム(161 ㎞/h) タナー・スコット
0%
パドレス 通常 フォーシーム(161 ㎞/h) デビッド・モーガン
0%
パドレス 通常 フォーシーム(167 ㎞/h) メイソン・ミラー
0%
ジャイアンツ 通常 フォーシーム(167 ㎞/h)ツーシームファスト(162 ㎞/h) シンカー(162 ㎞/h) ジョーダン・ヒックス
0%
ジャイアンツ Global Spotlight カットファスト(167 ㎞/h)ツーシームファスト(162 ㎞/h) カットボール(縦)(160 ㎞/h) カミロ・ドバル
0%
ジャイアンツ Ones to Watch通常 フォーシーム(160 ㎞/h) エリック・ミラー
0%
ジャイアンツ Legend フォーシーム(160 ㎞/h) フアン・マリシャル
0%
ジャイアンツ All-Star 通常 フォーシーム(162 ㎞/h) ランディ・ロドリゲス
0%
ジャイアンツ Throwback フォーシーム(161 ㎞/h) カルロス・ロドン
0%
ナショナルズ 通常 フォーシーム(161 ㎞/h) ホセ・A.フェラー
0%
ブレーブス 通常 フォーシーム(160 ㎞/h) AJ・スミスショーバー
0%
アストロズ Legend フォーシーム(161 ㎞/h) J.R.リチャード
0%
No matching quizzes found
Score Distribution
Percent of People with Each Score
Percentile by Number Answered
Your Score History
You have not taken this quiz since the last reset